000 00713nam a22002537a 4500
003 CHAP
005 20230614092010.0
008 971010s1972 r 00010 d
010 _a63085
011 _a64057
035 _a69125
040 _cCHAP
082 _a512.896
_bD6Y
100 1 0 _aDorf, Richard C.
_934007
245 _aIntroducción al algebra de matrices
_b: texto programado
260 _aMéxico, D.F. :
_bLimusa,
_c1972
300 _a272 p.
590 _aBATCH-UPD
_b10
_c20130110
_lUCH01
_h1831
590 _aCONVERSION
_b10
_c20130109
_lUCH01
_h1334
650 1 4 _aMatrices.
_973047
901 _aBK
942 _cLIBRO
949 _a512.896 D6Y
_bBC
_cLIBRO
_d33724000805040
_eLIBRO
_h17380
_i69125
_si
999 _c63085
_d63085